| 000 | 01352cam a22003617a 4500 | ||
|---|---|---|---|
| 003 | CHAP | ||
| 005 | 20220329140140.0 | ||
| 008 | 971013s1985 r 00010 d | ||
| 010 | _a47711 | ||
| 011 | _a48683 | ||
| 035 | _a52829 | ||
| 040 | _cCHAP | ||
| 082 |
_a639.3 _bP4 |
||
| 100 | 0 | 0 |
_aPérez Salmerón, Luis Angel. _990009 |
| 245 | 1 | 4 |
_aLos animales comestibles de importancia comercial en aguas mexicanas _b: peces, moluscos, crustáceas |
| 260 |
_aMéxico, D.F. : _bCECSA, _c1985 |
||
| 300 |
_a223 p. _b: ilus. |
||
| 590 |
_aBATCH-UPD _b10 _c20130110 _lUCH01 _h1127 |
||
| 590 |
_aBATCH-UPD _b10 _c20130410 _lUCH01 _h0716 |
||
| 590 |
_aBATCH-UPD _b10 _c20130914 _lUCH01 _h1105 |
||
| 590 |
_aCONVERSION _b10 _c20130109 _lUCH01 _h1326 |
||
| 650 | 1 | 4 |
_aCrustáceos. _929267 |
| 650 | 1 | 4 |
_aMoluscos. _977447 |
| 650 | 1 | 4 |
_aPeces. _986441 |
| 700 | 0 |
_aRuiz Luna, Arturo. _9100723 |
|
| 901 | _aBK | ||
| 942 | _cLIBRO | ||
| 949 |
_a639.3 P4 _bBC _cLIBRO _d33724000271508 _eLIBRO _gI.13452 _h71555 _i52829 _si |
||
| 949 |
_a639.3 P4 _bBC _cLIBRO _d33724000271516 _eLIBRO _fc.2 _gI.13453 _h71556 _i52829 _si |
||
| 949 |
_a639.3 P4 _bBC _cLIBRO _d33724000271524 _eLIBRO _fc.3 _gI.13454 _h71557 _i52829 _si |
||
| 949 |
_a639.3 P4 _bBC _cLIBRO _d33724000271532 _eLIBRO _fc.5 _gI.c/e _h77953 _i52829 _si |
||
| 949 |
_a639.3 P4 _bBC _cLIBRO _d33724000271540 _eLIBRO _fc.4 _gI.c/e _h77952 _i52829 _si |
||
| 999 |
_c47711 _d47711 |
||